000
00253nam a2200109Ia 4500
008
200302s9999 xx 000 0 und d
100
_a
Quinlan Terry
245
_a
Architects Anonymous
260
_b
Academy Group Ltd.
260
_c
1994
300
_a
80 P.,
999
_c
2437
_d
2437